[Event "BL 1415 SF Katernberg - Hamburger SK"]
[Site "?"]
[Date "2014.12.06"]
[Round "5.8"]
[White "Thesing, Matthias"]
[Black "Heinemann, Thies"]
[Result "1/2-1/2"]
[WhiteElo "2310"]
[BlackElo "2467"]
[PlyCount "133"]
[EventDate "2014.??.??"]

1. e4 c5 2. Nc3 a6 3. f4 b5 4. Nf3 Bb7 5. d3 e6 6. Qe2 Nc6 7. Be3 Qa5 8. a4 Nf6
9. e5 Nd5 10. Bd2 Nxc3 11. bxc3 b4 12. c4 Nd4 13. Nxd4 cxd4 14. Qf2 Qc5 15. Be2
Be7 16. O-O O-O 17. a5 Bc6 18. Rfb1 Rab8 19. Bf3 f6 20. Bxc6 Qxc6 21. exf6 Rxf6
22. Qe1 Bd6 23. g3 e5 24. fxe5 Re6 25. Qe4 Qc5 26. Qd5 Qxd5 27. cxd5 Rxe5 28.
Bf4 Rxd5 29. Bxd6 Rxd6 30. Ra4 Rd5 31. Rbxb4 Rxb4 32. Rxb4 Kf7 33. Kf2 Rxa5 34.
Rxd4 Ke6 35. Ke3 Ra2 36. Kd2 Ra1 37. Rh4 h6 38. Rb4 Rh1 39. Re4+ Kf6 40. Rh4
Ke6 41. Kc3 Rb1 42. Rh5 Rb6 43. Kd4 Rd6+ 44. Ke4 Kf7 45. c4 g5 46. h4 Kg6 47.
g4 gxh4 48. d4 Re6+ 49. Kf4 Rc6 50. c5 Kf7 51. Rxh4 a5 52. Rh3 a4 53. Ra3 Ra6
54. d5 Kf6 55. Ke4 Ra8 56. Kd4 Ke7 57. Kc4 Rg8 58. Kb5 Rxg4 59. Rh3 Rg8 60.
Rxh6 Ra8 61. Rh2 a3 62. Ra2 Rb8+ 63. Kc4 Ra8 64. Kb3 Rb8+ 65. Kxa3 Rb5 66. Rc2
d6 67. cxd6+ 1/2-1/2

[Event "BL 1415 Hansa Dortmund - SSC Rostock"]
[Site "?"]
[Date "2014.12.06"]
[Round "5.1"]
[White "Tomczak, Jacek"]
[Black "Donchenko, Alexander"]
[Result "0-1"]
[WhiteElo "2569"]
[BlackElo "2523"]
[PlyCount "124"]
[EventDate "2014.??.??"]

1. e4 c6 2. d4 d5 3. exd5 cxd5 4. c4 Nf6 5. Nc3 Nc6 6. Bg5 dxc4 7. Bxc4 h6 8.
Bh4 Qxd4 9. Qxd4 Nxd4 10. O-O-O e5 11. f4 Bg4 12. Nf3 Bxf3 13. gxf3 Rc8 14.
fxe5 Rxc4 15. exf6 Ne6 16. Bg3 gxf6 17. Kb1 Be7 18. Nd5 Rg8 19. Rhe1 Bd8 20. f4
f5 21. Re5 h5 22. Ne3 Re4 23. Nxf5 Rxe5 24. Nd6+ Kf8 25. fxe5 h4 26. Rf1 Rg7
27. Be1 b6 28. Kc2 Rg2+ 29. Rf2 h3 30. Kd3 Ng5 31. Ke2 Ne6 32. Kd3 Kg8 33. Nf5
Bg5 34. Ne3 Rg1 35. Bc3 Kg7 36. Rf3 Kg6 37. Ke4 Bh4 38. Rf1 Ng5+ 39. Kd3 Rxf1
40. Nxf1 Kf5 41. Ke2 Kf4 42. a4 Nf3 43. Bd2+ Nxd2 44. Nxd2 Be7 45. Nc4 Bc5 46.
a5 bxa5 47. Nxa5 Kxe5 48. Kf3 Bb6 49. Nc4+ Kd5 50. b3 Bc7 51. Kg4 Bxh2 52. Kxh3
Be5 53. Kg4 Bc3 54. Kf5 Kc5 55. Ke4 Kb4 56. Nd6 Kxb3 57. Nxf7 a5 58. Nd6 a4 59.
Nb5 Kb4 60. Kd3 Be5 61. Na7 a3 62. Nc6+ Ka4 0-1

[Event "BL 1415 Hansa Dortmund - SSC Rostock"]
[Site "?"]
[Date "2014.12.06"]
[Round "5.2"]
[White "Henrichs, Thomas"]
[Black "Brynell, Stellan"]
[Result "1/2-1/2"]
[WhiteElo "2476"]
[BlackElo "2457"]
[PlyCount "83"]
[EventDate "2014.??.??"]

1. Nf3 Nf6 2. c4 e6 3. Nc3 d5 4. d4 c6 5. g3 Be7 6. Bg2 O-O 7. O-O b6 8. Ne5
Bb7 9. e4 dxc4 10. Nxc4 Ba6 11. b3 b5 12. Ne3 b4 13. Ne2 Nbd7 14. Bb2 Rc8 15.
Re1 Qc7 16. Qc2 Rfd8 17. Rad1 Qb8 18. Nf4 Nf8 19. Nd3 Bb5 20. Ne5 N8d7 21. N5c4
Nb6 22. f4 Re8 23. f5 Rcd8 24. Bf3 Nbd7 25. Qg2 Nf8 26. g4 h6 27. e5 Nd5 28.
Nxd5 cxd5 29. Ne3 Bh4 30. g5 hxg5 31. Rf1 Bxf1 32. Rxf1 Rc8 33. Qg4 Rc7 34. Be2
Rec8 35. Bd3 Rc3 36. Bxc3 Rxc3 37. fxe6 fxe6 38. Bb1 Rxe3 39. Qh5 Re1 40. Qf7+
Kh8 41. Qh5+ Kg8 42. Qf7+ 1/2-1/2

[Event "BL 1415 Hansa Dortmund - SSC Rostock"]
[Site "?"]
[Date "2014.12.06"]
[Round "5.3"]
[White "Szelag, Marcin"]
[Black "Markus, Robert"]
[Result "0-1"]
[WhiteElo "2454"]
[BlackElo "2602"]
[PlyCount "132"]
[EventDate "2014.??.??"]

1. e4 d6 2. d4 Nf6 3. Nc3 e5 4. Nf3 Nbd7 5. Bc4 Be7 6. a4 O-O 7. O-O a5 8. Re1
c6 9. h3 Nb6 10. Bb3 Nfd7 11. Be3 exd4 12. Qxd4 Nc5 13. Rad1 Be6 14. Bxe6 fxe6
15. e5 d5 16. Qg4 Nbd7 17. Bh6 Rf7 18. Nd4 Qf8 19. Re2 Re8 20. Bc1 g6 21. h4
Bd8 22. h5 g5 23. Rde1 Qg7 24. Qg3 h6 25. f4 gxf4 26. Bxf4 Qxg3 27. Bxg3 Rg7
28. Bf2 Rf8 29. Be3 Bg5 30. Nd1 Bxe3+ 31. Rxe3 Rf4 32. c3 Nf8 33. b3 Ne4 34.
Nf3 Rf5 35. Nf2 Nxf2 36. Kxf2 Rxh5 37. Rc1 Rf5 38. c4 Nd7 39. cxd5 exd5 40. e6
Nf6 41. Kg1 Ne4 42. Nd2 Rg3 43. Rxg3+ Nxg3 44. Re1 Kf8 45. Re3 Nh5 46. Rh3 Ke7
47. g4 Nf4 48. Rxh6 Rg5 49. Rh7+ Kxe6 50. Rxb7 Rxg4+ 51. Kf2 Nd3+ 52. Ke2 Nc5
53. Rh7 Rb4 54. Rh6+ Kd7 55. Rh7+ Kd6 56. Rh6+ Kc7 57. Rh3 Rg4 58. Kd1 Rg2 59.
Rf3 Kb6 60. Rh3 Na6 61. Rh4 Nb4 62. Rh5 Kc5 63. Nc4 Kd4 64. Nxa5 Nd3 65. Nc4
Kc3 66. Rh4 c5 0-1

[Event "BL 1415 Hansa Dortmund - SSC Rostock"]
[Site "?"]
[Date "2014.12.06"]
[Round "5.4"]
[White "Heberla, Bartlomiej"]
[Black "Rudolf, Henrik"]
[Result "1-0"]
[WhiteElo "2565"]
[BlackElo "2360"]
[PlyCount "63"]
[EventDate "2014.??.??"]

1. e4 c5 2. Nf3 e6 3. g3 Nc6 4. Bg2 d6 5. O-O Nf6 6. Qe2 Be7 7. c3 O-O 8. d4
cxd4 9. cxd4 d5 10. e5 Ne8 11. h4 Bd7 12. Nc3 Rc8 13. Bg5 Bxg5 14. hxg5 Qb6 15.
Rfd1 Nc7 16. Bf1 Ne7 17. Qd2 a6 18. Kg2 Bb5 19. Nxb5 Nxb5 20. Bd3 Ng6 21. Rh1
Rfd8 22. a4 Na7 23. Rh2 Nc6 24. Rah1 Kf8 25. Rxh7 Qb4 26. Qe3 Nce7 27. Nh4
Nxh4+ 28. R1xh4 Qxb2 29. Qf3 Rc3 30. Rh8+ Ng8 31. Rf4 Rd7 32. g6 1-0

[Event "BL 1415 Hansa Dortmund - SSC Rostock"]
[Site "?"]
[Date "2014.12.06"]
[Round "5.5"]
[White "Tomczak, Rafal"]
[Black "Hera, Imre Jr"]
[Result "1/2-1/2"]
[WhiteElo "2372"]
[BlackElo "2581"]
[PlyCount "123"]
[EventDate "2014.??.??"]

1. e4 c6 2. d4 d5 3. Nc3 dxe4 4. Nxe4 Bf5 5. Ng3 Bg6 6. f4 e6 7. Nf3 Bd6 8. h4
h6 9. h5 Bh7 10. Bd3 Bxd3 11. Qxd3 Nf6 12. Bd2 Qc7 13. Ne5 c5 14. O-O-O cxd4
15. Qxd4 Nc6 16. Nxc6 Qxc6 17. Bb4 Bxb4 18. Qxb4 Nd5 19. Qa3 b5 20. Nf5 b4 21.
Qb3 Rc8 22. Nxg7+ Kf8 23. Nf5 Rg8 24. Nd4 Qc4 25. f5 Rg4 26. Qxc4 Rxc4 27. Nf3
Rxg2 28. Rd2 Rxd2 29. Nxd2 Rf4 30. fxe6 fxe6 31. a3 bxa3 32. bxa3 Nf6 33. Nb3
Kf7 34. Kd2 Ra4 35. Rf1 Ke7 36. Rg1 Ne4+ 37. Kc1 Ng5 38. Kb2 Rh4 39. Re1 Kd6
40. Rd1+ Kc6 41. Nd4+ Kc7 42. Nb5+ Kb6 43. Nd4 Kc7 44. Nb5+ Kb7 45. Nd4 a6 46.
Nb3 Kc6 47. Nd4+ Kc7 48. Nb3 Rxh5 49. Nc5 a5 50. Re1 Nf3 51. Nxe6+ Kd6 52. Re2
Ne5 53. Nf4 Rf5 54. Nd3 Ng4 55. c4 h5 56. Kc3 Rf3 57. Kd4 h4 58. c5+ Kd7 59.
Ne5+ Nxe5 60. Rxe5 Rxa3 61. Rh5 Ra1 62. Kd5 1/2-1/2

[Event "BL 1415 Hansa Dortmund - SSC Rostock"]
[Site "?"]
[Date "2014.12.06"]
[Round "5.6"]
[White "Berg, Emanuel"]
[Black "Becker, Michael"]
[Result "1-0"]
[WhiteElo "2545"]
[BlackElo "2309"]
[PlyCount "55"]
[EventDate "2014.??.??"]

1. e4 c5 2. Nf3 d6 3. d4 cxd4 4. Nxd4 Nf6 5. Nc3 e5 6. Bb5+ Bd7 7. Bxd7+ Qxd7
8. Nde2 Qg4 9. Qd3 Qxg2 10. Rg1 Qxh2 11. Bg5 Nbd7 12. Bxf6 gxf6 13. Qf3 Qh6 14.
Rh1 Qg7 15. Rg1 Qh6 16. Rh1 Qg7 17. Nd5 Rc8 18. O-O-O h5 19. Ng3 Rg8 20. Nxh5
Qg5+ 21. Kb1 Be7 22. Ng3 Rc6 23. Nf5 Bd8 24. Nb4 Rb6 25. Nxd6+ Rxd6 26. Rxd6
Be7 27. Rdd1 Bxb4 28. Qd3 1-0

[Event "BL 1415 Hansa Dortmund - SSC Rostock"]
[Site "?"]
[Date "2014.12.06"]
[Round "5.7"]
[White "Ackermann, Hans Werner"]
[Black "Wegener, Olaf"]
[Result "1-0"]
[WhiteElo "2310"]
[BlackElo "2449"]
[PlyCount "131"]
[EventDate "2014.??.??"]

1. Nf3 Nf6 2. g3 d5 3. Bg2 c6 4. O-O Bg4 5. Ne5 Bh5 6. d4 e6 7. Nc3 Nbd7 8.
Nxd7 Qxd7 9. Bf4 Be7 10. f3 c5 11. Be5 Bg6 12. e3 O-O 13. g4 Qc6 14. Bg3 b5 15.
Ne2 cxd4 16. Nxd4 Qb6 17. c3 a5 18. a3 Rfc8 19. Re1 b4 20. axb4 axb4 21. Rxa8
Rxa8 22. Qb3 Nd7 23. f4 Bd3 24. Bxd5 Nc5 25. Qxb4 Qxb4 26. cxb4 exd5 27. bxc5
Bxc5 28. Rc1 Bf8 29. Be1 h5 30. h3 Rb8 31. Bc3 hxg4 32. hxg4 Rb6 33. Ra1 Kh7
34. Ra7 Rg6 35. Rxf7 Rxg4+ 36. Kf2 Kg8 37. Rc7 Be4 38. Ne6 Rg6 39. Ng5 Bf5 40.
Rb7 Rh6 41. Rb8 Rc6 42. Bb4 Bc8 43. Bxf8 Kxf8 44. Nf3 Ke7 45. Nd4 Rc7 46. Rb6
Bb7 47. Rg6 Ke8 48. Kf3 Rd7 49. f5 Rf7 50. Kf4 Bc8 51. Rd6 Bb7 52. Ke5 Bc8 53.
Rxd5 Re7+ 54. Kf4 Kf7 55. Rd8 Bd7 56. Nf3 Bxf5 57. Kxf5 Rxe3 58. Ne5+ Ke7 59.
Rd7+ Kf8 60. Rb7 Re2 61. b4 Rb2 62. b5 Ke8 63. Nc6 Rf2+ 64. Ke6 Re2+ 65. Ne5
Kd8 66. Rxg7 1-0

[Event "BL 1415 Hansa Dortmund - SSC Rostock"]
[Site "?"]
[Date "2014.12.06"]
[Round "5.8"]
[White "Zelbel, Patrick"]
[Black "Jeske, Eckhard"]
[Result "1-0"]
[WhiteElo "2419"]
[BlackElo "2168"]
[PlyCount "51"]
[EventDate "2014.??.??"]

1. e4 c6 2. c4 d5 3. exd5 cxd5 4. cxd5 Qxd5 5. Nc3 Qd8 6. Nf3 Nf6 7. Bc4 e6 8.
O-O Be7 9. d4 O-O 10. a3 Nbd7 11. Ba2 Nb6 12. Qd3 Nbd5 13. Bg5 Nxc3 14. bxc3
Nd5 15. Bb1 g6 16. Bh6 Re8 17. c4 Nf6 18. Rd1 Qa5 19. Bd2 Qh5 20. Re1 Nd7 21.
Bc2 Bd6 22. Rab1 Qf5 23. Qxf5 gxf5 24. Bxf5 Bxa3 25. c5 b5 26. Rxb5 1-0

[Event "BL 1415 OSG Baden Baden - Bayern Münch"]
[Site "?"]
[Date "2014.12.07"]
[Round "6.2"]
[White "Shirov, Alexei"]
[Black "Schenk, Andreas"]
[Result "1-0"]
[WhiteElo "2683"]
[BlackElo "2496"]
[PlyCount "73"]
[EventDate "2014.??.??"]

1. e4 e6 2. d4 d5 3. e5 c5 4. c3 Nc6 5. Nf3 Qb6 6. a3 Nh6 7. b4 cxd4 8. Bxh6
gxh6 9. cxd4 Bd7 10. Ra2 Rg8 11. h3 h5 12. Rc2 Ne7 13. Nc3 Nf5 14. g3 a5 15. b5
Bxa3 16. Be2 a4 17. O-O h4 18. Ra2 Be7 19. Nxa4 Qa5 20. Qa1 Rc8 21. g4 h5 22.
Nh2 hxg4 23. hxg4 Bb4 24. Kh1 Ne7 25. Qb1 Bc3 26. Rd1 Ng6 27. Rd3 Bxd4 28. Rxd4
Nxe5 29. Rd1 Qc7 30. Qh7 Rf8 31. Qxh4 Nc4 32. Rb1 Qe5 33. Bd3 Qd4 34. Qg3 Ra8
35. Kg1 Ne5 36. Bc2 Nxg4 37. Nxg4 1-0

[Event "BL 1415 OSG Baden Baden - Bayern Münch"]
[Site "?"]
[Date "2014.12.07"]
[Round "6.6"]
[White "Nisipeanu, Liviu-Dieter"]
[Black "Meister, Peter"]
[Result "1-0"]
[WhiteElo "2652"]
[BlackElo "2407"]
[PlyCount "57"]
[EventDate "2014.??.??"]

1. Nf3 g6 2. d4 Bg7 3. c4 d6 4. Nc3 a6 5. h3 Nd7 6. e4 e5 7. d5 Ngf6 8. Be3 O-O
9. g4 Nc5 10. Nd2 a5 11. Be2 Ne8 12. h4 f5 13. g5 f4 14. Bxc5 dxc5 15. Bg4 Nd6
16. Bxc8 Qxc8 17. Qf3 Qd7 18. a4 Ra6 19. O-O-O Nf7 20. Rdg1 Qe7 21. Qh3 Re8 22.
Nf3 Rb6 23. Kc2 Ra6 24. h5 Nd6 25. b3 Kf7 26. Qg4 Raa8 27. hxg6+ hxg6 28. Rh7
Rg8 29. Nh4 1-0

[Event "BL 1415 OSG Baden Baden - Bayern Münch"]
[Site "?"]
[Date "2014.12.07"]
[Round "6.7"]
[White "Reich, Thomas"]
[Black "Movsesian, Sergei"]
[Result "0-1"]
[WhiteElo "2415"]
[BlackElo "2659"]
[PlyCount "70"]
[EventDate "2014.??.??"]

1. d4 d6 2. e4 Nf6 3. Nc3 Nbd7 4. f4 e5 5. dxe5 dxe5 6. fxe5 Nxe5 7. Qxd8+ Kxd8
8. Nf3 Bd6 9. Bg5 c6 10. O-O-O Kc7 11. Nd4 a6 12. Be2 Nfg4 13. Bxg4 Bxg4 14.
Rdf1 Rhe8 15. h3 Bd7 16. g4 b5 17. Nf5 Bf8 18. Bf4 f6 19. h4 b4 20. Nb1 g6 21.
Ne3 Bd6 22. Rhg1 a5 23. Nd2 Be6 24. Kb1 a4 25. g5 Rf8 26. gxf6 Rxf6 27. Bh6
Rxf1+ 28. Rxf1 Rd8 29. Rf6 Re8 30. b3 a3 31. Kc1 Kd7 32. Rf1 Bc5 33. Bf4 Bd4
34. Nf3 Nxf3 35. Rxf3 Rf8 0-1

[Event "BL 1415 OSG Baden Baden - Bayern Münch"]
[Site "?"]
[Date "2014.12.07"]
[Round "6.8"]
[White "Meier, Georg"]
[Black "Zwanzger, Johannes"]
[Result "1-0"]
[WhiteElo "2647"]
[BlackElo "2308"]
[PlyCount "79"]
[EventDate "2014.??.??"]

1. d4 d5 2. c4 c6 3. Nf3 Nf6 4. e3 Bf5 5. Nc3 e6 6. Nh4 Bg6 7. Nxg6 hxg6 8. Bd2
Nbd7 9. Rc1 Bd6 10. g3 O-O 11. Qc2 Re8 12. Be2 dxc4 13. Bxc4 e5 14. Qxg6 exd4
15. Bxf7+ Kh8 16. Bxe8 dxc3 17. Bxc3 Qxe8 18. Qxe8+ Rxe8 19. Ke2 Kg8 20. Rhd1
Be5 21. h4 Kf7 22. Bd4 a6 23. f4 Bxd4 24. Rxd4 Ke7 25. Kf3 c5 26. Rd2 Rc8 27.
e4 b5 28. e5 Ne8 29. h5 c4 30. g4 Nc5 31. f5 Nd7 32. Kf4 Rc5 33. g5 Nc7 34.
Rcd1 Nb6 35. h6 gxh6 36. gxh6 Ncd5+ 37. Kf3 c3 38. h7 Rc8 39. bxc3 Nxc3 40. Rg1
1-0

[Event "BL 1415 SC Eppingen - Schwäbisch Hall"]
[Site "?"]
[Date "2014.12.07"]
[Round "6.3"]
[White "Laznicka, Viktor"]
[Black "Balogh, Csaba"]
[Result "1/2-1/2"]
[WhiteElo "2667"]
[BlackElo "2658"]
[PlyCount "41"]
[EventDate "2014.??.??"]

1. Nf3 d5 2. g3 Bg4 3. Bg2 c6 4. c4 e6 5. cxd5 Bxf3 6. Bxf3 cxd5 7. d3 Nc6 8.
Nc3 Nf6 9. O-O Bc5 10. Bd2 O-O 11. a3 a6 12. Rc1 Qe7 13. Bg2 Rfd8 14. Na4 Ba7
15. b4 Rac8 16. Nc5 a5 17. Bc3 axb4 18. axb4 Bxc5 19. bxc5 Nd7 20. d4 b6 21.
cxb6 1/2-1/2

[Event "BL 1415 SC Eppingen - Schwäbisch Hall"]
[Site "?"]
[Date "2014.12.07"]
[Round "6.4"]
[White "Postny, Evgeny"]
[Black "Inarkiev, Ernesto"]
[Result "1/2-1/2"]
[WhiteElo "2654"]
[BlackElo "2688"]
[PlyCount "73"]
[EventDate "2014.??.??"]

1. d4 Nf6 2. c4 e6 3. Nf3 d5 4. Nc3 Be7 5. Bf4 O-O 6. a3 b6 7. cxd5 Nxd5 8.
Nxd5 exd5 9. g3 c5 10. Bg2 Nc6 11. O-O Be6 12. Rc1 c4 13. Ne5 Nxe5 14. Bxe5 g5
15. e4 Rc8 16. Re1 f6 17. exd5 Bxd5 18. Bd6 Qxd6 19. Bxd5+ Qxd5 20. Rxe7 Rf7
21. Qe2 Rc7 22. Re4 Kg7 23. h4 h6 24. hxg5 hxg5 25. Re8 Rf8 26. Rxf8 Kxf8 27.
Re1 Kg7 28. Qh5 Qf7 29. Qg4 Rd7 30. Qe4 Rd5 31. Kg2 Qb7 32. Qe7+ Qxe7 33. Rxe7+
Kg6 34. Rxa7 Rxd4 35. Rb7 Rd6 36. Rc7 Rd2 37. Rxc4 1/2-1/2

[Event "BL 1415 SC Eppingen - Schwäbisch Hall"]
[Site "?"]
[Date "2014.12.07"]
[Round "6.5"]
[White "Gharamian, Tigran"]
[Black "Braun, Arik"]
[Result "1/2-1/2"]
[WhiteElo "2658"]
[BlackElo "2549"]
[PlyCount "63"]
[EventDate "2014.??.??"]

1. e4 e6 2. d4 d5 3. Nd2 Be7 4. e5 Nh6 5. Bd3 c5 6. c3 Nc6 7. Ne2 cxd4 8. cxd4
f6 9. exf6 Bxf6 10. Nf3 Qb6 11. O-O Bd7 12. Rb1 Nf7 13. b4 Nxd4 14. Nexd4 Bxd4
15. Nxd4 Qxd4 16. Bb2 Qh4 17. f4 O-O 18. Rf3 e5 19. Qd2 Qh6 20. Bc2 Rac8 21.
Bb3 Be6 22. Re1 d4 23. Bxe6 Qxe6 24. Bxd4 Qd5 25. fxe5 Rfd8 26. e6 Ng5 27. Rg3
Nxe6 28. Rxe6 Qxd4+ 29. Qxd4 Rxd4 30. Re7 Rd1+ 31. Kf2 Rc2+ 32. Ke3 1/2-1/2

[Event "BL 1415 SC Eppingen - Schwäbisch Hall"]
[Site "?"]
[Date "2014.12.07"]
[Round "6.6"]
[White "Mons, Leon"]
[Black "Avrukh, Boris"]
[Result "0-1"]
[WhiteElo "2435"]
[BlackElo "2593"]
[PlyCount "58"]
[EventDate "2014.??.??"]

1. e4 e5 2. Nf3 Nc6 3. Bc4 Bc5 4. c3 Nf6 5. b4 Bb6 6. d3 d6 7. a4 a6 8. O-O O-O
9. Nbd2 Ne7 10. a5 Ba7 11. Bb3 Ng6 12. Nc4 h6 13. Re1 Bg4 14. Ne3 Bxe3 15. fxe3
Nh4 16. Rf1 Nh5 17. Ra2 Kh8 18. Raf2 Nxf3+ 19. gxf3 Bh3 20. Re1 Qg5+ 21. Kh1
Qh4 22. Qd2 f5 23. Rg1 fxe4 24. dxe4 Rf6 25. Qe2 g5 26. Bd1 g4 27. f4 Rg8 28.
Bd2 g3 29. Be1 Bg4 0-1

[Event "BL 1415 SC Eppingen - Schwäbisch Hall"]
[Site "?"]
[Date "2014.12.07"]
[Round "6.7"]
[White "Cornette, Matthieu"]
[Black "Medvegy, Zoltan"]
[Result "1/2-1/2"]
[WhiteElo "2566"]
[BlackElo "2518"]
[PlyCount "71"]
[EventDate "2014.??.??"]

1. c4 Nf6 2. Nc3 e5 3. Nf3 Nc6 4. g3 Nd4 5. Bg2 Nxf3+ 6. Bxf3 Bb4 7. d4 e4 8.
Bg2 Bxc3+ 9. bxc3 h6 10. O-O O-O 11. Qc2 Re8 12. f3 Qe7 13. fxe4 d6 14. c5 Nxe4
15. cxd6 cxd6 16. Ba3 b6 17. Bxd6 Nxd6 18. Bxa8 Qe3+ 19. Kh1 Bf5 20. Rxf5 Nxf5
21. Qxf5 Rxa8 22. Rf1 Qxe2 23. Qxf7+ Kh8 24. Qf3 Re8 25. Qxe2 Rxe2 26. a4 Rc2
27. Rf8+ Kh7 28. Rc8 Ra2 29. d5 Rxa4 30. Kg2 Kg6 31. Kf3 Kf6 32. Re8 Rc4 33. d6
Rxc3+ 34. Ke4 Rc4+ 35. Ke3 Rc3+ 36. Ke4 1/2-1/2

[Event "BL 1415 SC Eppingen - Schwäbisch Hall"]
[Site "?"]
[Date "2014.12.07"]
[Round "6.8"]
[White "Mann, Christian  Dr"]
[Black "Wirig, Anthony"]
[Result "1-0"]
[WhiteElo "2434"]
[BlackElo "2484"]
[PlyCount "79"]
[EventDate "2014.??.??"]

1. Nf3 d5 2. g3 Nc6 3. d4 Bf5 4. Bg2 Nb4 5. Na3 e6 6. O-O Nf6 7. Bf4 Be7 8. Nb5
O-O 9. c3 Na6 10. c4 dxc4 11. Ne5 Be4 12. f3 Bc6 13. Nc3 Nd5 14. Bc1 Be8 15. e4
Nxc3 16. bxc3 b5 17. f4 Rb8 18. a3 Rb6 19. Be3 f6 20. Nf3 c5 21. a4 b4 22. Qe2
Bf7 23. e5 bxc3 24. Qxc4 Qc8 25. Qxc3 cxd4 26. Qxc8 Rxc8 27. Bxd4 Bc5 28. Bxc5
Rxc5 29. Rfd1 h6 30. Rd8+ Kh7 31. Rad1 Rc7 32. Nd4 Bh5 33. Re1 f5 34. a5 Rb2
35. Nxe6 Rcc2 36. Bd5 Nb4 37. Nf8+ Kh8 38. Nd7+ Kh7 39. Bg8+ Kh8 40. Bf7+ 1-0

[Event "BL 1415 SV Mülheim Nord - Schachfr. Be"]
[Site "?"]
[Date "2014.12.07"]
[Round "6.1"]
[White "Mista, Aleksander"]
[Black "Landa, Konstantin"]
[Result "0-1"]
[WhiteElo "2616"]
[BlackElo "2645"]
[PlyCount "84"]
[EventDate "2014.??.??"]

1. e4 c6 2. d4 d5 3. Nd2 dxe4 4. Nxe4 Nf6 5. Nxf6+ exf6 6. c3 Bd6 7. Bd3 O-O 8.
Qc2 h6 9. Ne2 Re8 10. Be3 Be6 11. O-O Qc7 12. g3 Nd7 13. Rfe1 Bd5 14. c4 Bf3
15. Nc3 Bb4 16. a3 Bxc3 17. Qxc3 g5 18. Bf5 Bh5 19. f4 Re7 20. Bf2 Nf8 21. d5
Rxe1+ 22. Rxe1 Qd6 23. c5 Qxd5 24. Qxf6 Nh7 25. Qxh6 Qxf5 26. Qxh5 Qf6 27. Re4
Rd8 28. Qe2 Kf8 29. Kg2 Rd5 30. fxg5 Nxg5 31. Re8+ Kg7 32. h4 Ne6 33. b4 Qf5
34. Qb2+ f6 35. Re7+ Kf8 36. Rxb7 Nf4+ 37. gxf4 Qe4+ 38. Kh3 Qh1+ 39. Kg3 Rd3+
40. Kg4 Qf3+ 41. Kf5 Rd5+ 42. Ke6 Qg4+ 0-1

[Event "BL 1415 SV Mülheim Nord - Schachfr. Be"]
[Site "?"]
[Date "2014.12.07"]
[Round "6.2"]
[White "Fridman, Daniel"]
[Black "Kraemer, Martin"]
[Result "1-0"]
[WhiteElo "2639"]
[BlackElo "2569"]
[PlyCount "101"]
[EventDate "2014.??.??"]

1. Nf3 Nf6 2. g3 d5 3. Bg2 c6 4. c4 dxc4 5. O-O b5 6. Ne5 Bb7 7. d4 e6 8. a4 a6
9. axb5 axb5 10. Rxa8 Bxa8 11. Nc3 Nd5 12. e4 Nxc3 13. bxc3 Nd7 14. Nxd7 Qxd7
15. Be3 Bb7 16. Qg4 h5 17. Qe2 Be7 18. Ra1 g6 19. Ra7 O-O 20. Qa2 Qc8 21. e5
Rd8 22. h4 Rd7 23. Be4 Kg7 24. Qa1 Rc7 25. Kh2 Qd7 26. Qh1 Qc8 27. Qf3 Qb8 28.
Ra5 Bd8 29. Qf4 Kg8 30. Qh6 Qc8 31. Ra7 Qd7 32. g4 hxg4 33. h5 Qe8 34. Kg3 f5
35. exf6 Bxf6 36. Qxg6+ Qxg6 37. hxg6 Re7 38. Kxg4 Kg7 39. Bg5 b4 40. Bxf6+
Kxf6 41. cxb4 c3 42. Bc2 c5 43. dxc5 Bf3+ 44. Kxf3 Rxa7 45. c6 Ke5 46. b5 Kd6
47. b6 Ra8 48. c7 Rf8+ 49. Ke2 Kc6 50. g7 Rc8 51. Bh7 1-0

[Event "BL 1415 SV Mülheim Nord - Schachfr. Be"]
[Site "?"]
[Date "2014.12.07"]
[Round "6.3"]
[White "Piorun, Kacper"]
[Black "Berelowitsch, Alexander"]
[Result "1/2-1/2"]
[WhiteElo "2523"]
[BlackElo "2541"]
[PlyCount "41"]
[EventDate "2014.??.??"]

1. Nf3 d5 2. g3 c5 3. Bg2 Nc6 4. d4 e6 5. O-O Nf6 6. c4 Be7 7. dxc5 Bxc5 8. a3
dxc4 9. Qa4 O-O 10. Qxc4 Be7 11. Nc3 e5 12. Rd1 Be6 13. Qb5 Qb8 14. Bg5 Qc7 15.
Bxf6 Bxf6 16. Ne4 Be7 17. Nc5 Bxc5 18. Qxc5 Rad8 19. b4 f6 20. Ne1 Qb6 21. Qxb6
1/2-1/2

[Event "BL 1415 SV Mülheim Nord - Schachfr. Be"]
[Site "?"]
[Date "2014.12.07"]
[Round "6.4"]
[White "Hausrath, Daniel"]
[Black "Michalik, Peter"]
[Result "1/2-1/2"]
[WhiteElo "2518"]
[BlackElo "2571"]
[PlyCount "105"]
[EventDate "2014.??.??"]

1. Nf3 c5 2. c4 Nc6 3. g3 g6 4. Bg2 Bg7 5. O-O Nh6 6. Nc3 Nf5 7. d3 O-O 8. Qd2
d6 9. b3 Nfd4 10. Nxd4 cxd4 11. Nb5 a6 12. Na3 h5 13. b4 h4 14. Bb2 e5 15. b5
Nb8 16. e3 dxe3 17. Qxe3 Nd7 18. bxa6 Rxa6 19. Nb5 Nc5 20. Ba3 b6 21. Bb4 f5
22. Bd5+ Kh7 23. d4 exd4 24. Nxd4 Re8 25. Qd2 Ne4 26. Qd3 Qf6 27. Nf3 h3 28. a3
Ra7 29. Rfe1 Rae7 30. Rab1 Nc5 31. Qd2 Ne4 32. Qd3 g5 33. g4 Kh6 34. Nd2 Nxf2
35. Kxf2 fxg4+ 36. Nf3 gxf3 37. Rxe7 Rxe7 38. Re1 Rxe1 39. Bxe1 Qf4 40. Qxf3
Qxh2+ 41. Kf1 Qf4 42. Qxf4 gxf4 43. Bf2 Bb2 44. a4 Bd7 45. Bxb6 Bxa4 46. Be6
Bb3 47. Kg1 Ba3 48. Kh2 Bc5 49. Bc7 f3 50. Bxh3 Bxc4 51. Kg3 Bd5 52. Bg4 f2 53.
Be2 1/2-1/2

[Event "BL 1415 SV Mülheim Nord - Schachfr. Be"]
[Site "?"]
[Date "2014.12.07"]
[Round "6.5"]
[White "Schneider, Ilja"]
[Black "Levin, Felix"]
[Result "1/2-1/2"]
[WhiteElo "2487"]
[BlackElo "2505"]
[PlyCount "40"]
[EventDate "2014.??.??"]

1. d4 d5 2. c4 e6 3. Nf3 Nf6 4. g3 Bb4+ 5. Bd2 Bd6 6. Bg2 c6 7. Qc2 Nbd7 8. O-O
O-O 9. Rd1 Ne4 10. Nc3 Nxd2 11. Nxd2 f5 12. c5 Bc7 13. f4 b5 14. b4 a5 15. a4
axb4 16. Nxb5 Ba6 17. Nxc7 Qxc7 18. Bf1 Rfb8 19. e3 Bxf1 20. Rxf1 Nf6 1/2-1/2

[Event "BL 1415 SV Mülheim Nord - Schachfr. Be"]
[Site "?"]
[Date "2014.12.07"]
[Round "6.6"]
[White "Feygin, Michael"]
[Black "Moreno Tejera, Emilio"]
[Result "1-0"]
[WhiteElo "2492"]
[BlackElo "2444"]
[PlyCount "95"]
[EventDate "2014.??.??"]

1. e4 e5 2. Nf3 Nc6 3. Bb5 a6 4. Bxc6 dxc6 5. O-O Qf6 6. d4 exd4 7. Bg5 Qd6 8.
Nxd4 Bd7 9. Nc3 Be7 10. Bxe7 Nxe7 11. Nb3 Qxd1 12. Raxd1 b6 13. Nd4 c5 14. Nde2
O-O-O 15. Nf4 f5 16. f3 Nc6 17. Rf2 fxe4 18. Nxe4 Bf5 19. Re1 h6 20. g4 Bh7 21.
Ne6 Rd7 22. f4 Re8 23. f5 Bg8 24. Nf4 Rde7 25. Rfe2 Nd4 26. Nd6+ Kd7 27. Nxe8
Nxe2+ 28. Rxe2 Rxe2 29. Nxe2 Kxe8 30. a3 Ke7 31. Kf2 Kf6 32. Nf4 Bf7 33. Ke3 h5
34. h3 Kg5 35. Kf3 c6 36. Kg3 hxg4 37. hxg4 Kf6 38. Kh4 Bd5 39. Nh5+ Kf7 40.
Kg5 Bf3 41. c3 Be4 42. Nf4 Bd5 43. Ng6 c4 44. Ne5+ Ke7 45. Kg6 Kd6 46. Nf7+ Ke7
47. Ng5 Kf8 48. Ne6+ 1-0

[Event "BL 1415 SV Mülheim Nord - Schachfr. Be"]
[Site "?"]
[Date "2014.12.07"]
[Round "6.7"]
[White "Abel, Dennes"]
[Black "Saltaev, Mihail"]
[Result "0-1"]
[WhiteElo "2441"]
[BlackElo "2480"]
[PlyCount "82"]
[EventDate "2014.??.??"]

1. d4 d5 2. c4 c6 3. Nf3 Nf6 4. Nc3 a6 5. c5 Nbd7 6. Bf4 Nh5 7. g3 Nxf4 8. gxf4
g6 9. e3 Bg7 10. Rc1 Nf8 11. Bd3 Bg4 12. Rg1 Bh5 13. Be2 Nd7 14. Qd2 a5 15. Ne5
Bxe2 16. Nxe2 O-O 17. h4 f6 18. Nxd7 Qxd7 19. h5 Kf7 20. Ng3 e5 21. f5 gxf5 22.
h6 Bh8 23. Qe2 Rg8 24. Qh5+ Kf8 25. Kd2 Rg5 26. Qh3 exd4 27. exd4 Qc7 28. Ne2
Re8 29. Qf3 Qd7 30. Ng3 f4 31. Ne2 Re4 32. Rce1 Qf5 33. Qd3 f3 34. Ng3 Rxg3 35.
Rxg3 Qf4+ 36. Kc3 Rxe1 37. Qxh7 Qc1+ 38. Qc2 Qxc2+ 39. Kxc2 Rh1 40. Rxf3 Rxh6
41. Ra3 f5 0-1